| 000 | 00460nam a2200181Ia 4500 | ||
|---|---|---|---|
| 008 | 170203s9999 xx 000 0 und d | ||
| 020 | _a0-734403151 | ||
| 050 | _aFic | ||
| 050 | _b.Ar727v 2002 | ||
| 100 | _aArmanno, Venero | ||
| 245 | 4 | _aThe Very Super Adventures of Nic and Naomi / | |
| 245 | _cVenero Armanno | ||
| 260 | _bHachette Australia | ||
| 260 | _c2002 | ||
| 300 | _a32 pages ; | ||
| 300 | _billustrations : | ||
| 700 | _aPignataro, Anna | ||
| 999 |
_c305986 _d305986 |
||